000 00813nam a2200205Ia 4500
008 0000001977 ck a 0000000000spa00
090 _aPUS00 B11b
100 1 _aBaber, Alice
_d1928
245 1 0 _aBaber Alice
_b: semillas de color
_c/ traducción Beatriz Dupuy de Muñoz
300 _a[68] p.
_c/ 24 cm.
500 _aExposición realizada en el Centro Colombo Americano, 1977 \ Con el patronazgo del maestro venezolano Jesús Rafael Soto (q.e.p.d.) \
600 0 0 _aBABER, ALICE, 19281982/
_xTRABAJOS PICTORICOS
650 1 4 _aARTE CONTEMPORANEO ESTADOUNIDENSE
650 1 4 _xCATALOGOS
650 1 4 _xEXPOSICIONES
650 1 4 _aPINTORES ESTADOUNIDENSES
650 1 4 _aPINTURA ESTADOUNIDENSE
700 1 _aDupuy de Muñoz, Beatriz, tr.
999 _c7330
_d7330
260 _aBogotá : Centro Colombo Americano
_c1977